Célébrités québécoises #2 - Statistiques

Statistiques générales
  • Ce quiz a été pris 49 fois
  • Le résultat moyen est 6 sur 16
Statistiques - réponses
Par images Hint Réponse % Correct
Chanteur Garou
98%
Chanteuse Coeur de pirate
91%
Magicien et mentaliste Messmer
72%
Chanteur Corneille
58%
Athlète Georges Saint-Pierre
49%
Athlète Laurent Duvernay Tardif
35%
Actrice Anne Dorval
33%
Groupe de musique Simple Plan
33%
Actrice Karine Vanasse
30%
Acteur et animateur Marc Labrèche
30%
Autrice Kim Thúy
23%
Chanteur Leonard Cohen
19%
Auteur Michel Tremblay
19%
Producteur Luc Plamondon
16%
Danseuse Énola Bédard
7%
Réalisateur Jean-Marc Vallée
5%
Aucun quiz correspondant
Distribution des résultats
% des personnes avec chaque résultat
Percentile par nombre de réponses
Votre historique - résultats
Vous n’avez pas pris ce quiz